000 00888 a2200205 4500
003 Nust
005 20230102115351.0
010 _a 86015674
020 _a0442237006
040 _cNust
082 0 0 _a629.8043,HOR
100 1 _aHordeski, Michael F.
_9106599
245 1 0 _aTransducers for automation /
_cMichael Hordeski.
260 _aNew York :
_bVan Nostrand Reinhold Co.,
_cc1987.
300 _axv, 301 p. :
_bill. ;
_c24 cm.
505 _aIntroduction (Page-1), Temperature Measurement (Page-30), Pressure Transducers (Page-50), Flow Transducers (Page-71), Density and Weight Measurement (Page-93), Viscosity Measurement (Page-128), Level Measurement (Page-150), Displacement and Proximity Measurement (Page-184), Other Physical Measurements (Page-202), Automation Fundamentals (Page-241).
650 0 _aAutomatic control.
650 0 _aTransducers.
_965718
942 _2ddc
_cBK
999 _c183761
_d183761